Sundae! - Statistics

General Stats
  • This quiz has been taken 6 times
  • The average score is 7 of 15
Answer Stats
Clue Answer % Correct
Madagascan flavour pod Vanilla
100%
100-1 99
83%
In the UK, not a 'cone', a c.... t Cornet
67%
The chocolate part, of the answer above Flake
67%
Walls™ lolly, comes in strawberry, vanilla or chocolate flavours, for the little 'uns Mini Milk
50%
A slang term, for a nutter, or an upside down cone, filled with ice cream, with a bubbly in the bottom Screwball
50%
Square, chocolate outside, vanilla or mint (usu) inside Choc ice
33%
Walls ™ 70s creation, "Just one..... Give it to me!" Cornetto
33%
Walls™ Chocolate ice lolly, with little crunchy pieces in the chocolate outer, begins with F Feast
33%
Walls™ lolly, made of pink ice cream, shaped like a foot Funny Feet
33%
Red, sweet, sticky topping Raspberry
33%
Often prefixed, with 'Old-Fashioned', dark brown cone, begins with T Twist
33%
The proper name for chocolate bits or sprinkles Vermicelli
33%
Lyons Maid™ rocket shaped lolly, gorgeous! Begins with Z Zoom
33%
Walls ™ ice lolly, shaped like a hand pointing, red in colour Finger
17%
No matching quizzes found
Score Distribution
Percent of People with Each Score
Percentile by Number Answered
Your Score History
You have not taken this quiz